The children of the new forest / (Record no. 9527)

MARC details
000 -LEADER
fixed length control field 01798cam a2200385 a 4500
001 - CONTROL NUMBER
control field 9527
003 - CONTROL NUMBER IDENTIFIER
control field FISKH
005 - DATE AND TIME OF LATEST TRANSACTION
control field 20260119105132.0
008 - FIXED-LENGTH DATA ELEMENTS--GENERAL INFORMATION
fixed length control field 090515r20081996enka 000 1 eng d
010 ## - LIBRARY OF CONGRESS CONTROL NUMBER
LC control number 2009290948
020 ## - INTERNATIONAL STANDARD BOOK NUMBER
International Standard Book Number 9780194790543
Qualifying information pbk.
020 ## - INTERNATIONAL STANDARD BOOK NUMBER
International Standard Book Number 0194790541
Qualifying information pbk.
040 ## - CATALOGING SOURCE
Original cataloging agency YVO
Transcribing agency YVO
Modifying agency TVG
-- DLC
Language of cataloging eng
050 00 - LIBRARY OF CONGRESS CALL NUMBER
Classification number PE1126.A4
Item number A425 2008
082 00 - DEWEY DECIMAL CLASSIFICATION NUMBER
Classification number 428.6
Edition number 22
100 1# - MAIN ENTRY--PERSONAL NAME
Personal name Akinyemi, Rowena.
245 14 - TITLE STATEMENT
Title The children of the new forest /
Statement of responsibility, etc. Captain Marryat ; retold by Rowena Akinyemi.
260 ## - PUBLICATION, DISTRIBUTION, ETC.
Place of publication, distribution, etc. Oxford ;
-- New York :
Name of publisher, distributor, etc. Oxford University Press,
Date of publication, distribution, etc. 1996
300 ## - PHYSICAL DESCRIPTION
Extent 56 pages :
Other physical details illustrations ;
Dimensions 20 cm
490 0# - SERIES STATEMENT
Series statement Oxford bookworms library ;
Volume/sequential designation Stage 2, Human interest
500 ## - GENERAL NOTE
General note First published in Oxford Bookworms 1996.
505 ## - FORMATTED CONTENTS NOTE
Formatted contents note R<br/>
520 ## - SUMMARY, ETC.
Summary, etc. 'England in 1647: King Charles is in prison, and Cromwell's men are fighting the King's men. These are dangerous times for everybody. The four Beverley children have no parents; their mother is dead and their father died while fighting for the King. Now Cromwell's soldiers have come to burn the house - with the children in it. The four of them escape into the New Forest - but how will they live? What will they eat? And will Cromwell's soldier find them?' --from back
521 8# - TARGET AUDIENCE NOTE
Target audience note 690<br/>
Source Lexile <br/>
521 8# - TARGET AUDIENCE NOTE
Target audience note R<br/>
Source Raz-Plus<br/>
650 #0 - SUBJECT ADDED ENTRY--TOPICAL TERM
Topical term or geographic name entry element Readers (Adult)
650 #0 - SUBJECT ADDED ENTRY--TOPICAL TERM
Topical term or geographic name entry element English language
Form subdivision Textbooks for foreign speakers.
650 #0 - SUBJECT ADDED ENTRY--TOPICAL TERM
Topical term or geographic name entry element Reading comprehension
Form subdivision Problems, exercises, etc.
650 #0 - SUBJECT ADDED ENTRY--TOPICAL TERM
Topical term or geographic name entry element Orphans
Geographic subdivision Great Britain
Form subdivision Fiction.
651 #0 - SUBJECT ADDED ENTRY--GEOGRAPHIC NAME
Geographic name Great Britain
General subdivision History
Chronological subdivision Civil War, 1642-1649
Form subdivision Fiction.
655 #7 - INDEX TERM--GENRE/FORM
Genre/form data or focus term Fiction.
Source of term lcgft
Authority record control number or standard number https://id.loc.gov/authorities/genreForms/gf2014026339
906 ## - LOCAL DATA ELEMENT F, LDF (RLIN)
a 7
b cbc
c copycat
d 2
e ncip
f 20
g y-gencatlg
942 ## - ADDED ENTRY ELEMENTS (KOHA)
Source of classification or shelving scheme Dewey Decimal Classification
Koha item type Books
Suppress in OPAC No
Holdings
Withdrawn status Lost status Source of classification or shelving scheme Damaged status Not for loan Collection Home library Current library Shelving location Date acquired Total Checkouts Full call number Barcode Date last seen Copy number Price effective from Koha item type
    Dewey Decimal Classification     Juvenile Fiction Footprints International School Library Network Toul Tom Poung Campus Footprints International School Library Network Toul Tom Poung Campus TTP Primary Orange Bookshelves 01/19/2026   AKI 428 PE1126.A4 A425 FIS00272 01/19/2026 1 01/19/2026 Books